[Event "FIDE CB Open 2022"]
[Site "Ceske Budejovice"]
[Date "2022.07.09"]
[Round "9.20"]
[White "Bartos, Jan"]
[Black "Vaculik, Martin"]
[Result "1/2-1/2"]
[WhiteElo "2142"]
[BlackElo "2284"]
[Annotator "RC"]
[PlyCount "26"]
[EventDate "2022.07.01"]
[EventType "swiss"]
[EventCountry "CZE"]
[SourceTitle "playchess.com"]
[Source "ChessBase"]
[SourceQuality "1"]

1. d4 Nf6 2. Nf3 g6 3. c4 Bg7 4. g3 O-O 5. Bg2 c6 6. O-O d5 7. cxd5 cxd5 8. Nc3 Ne4 9. Bf4 Nc6 10. Ne5 Nxc3 11. bxc3 Nxe5 12. Bxe5 Bxe5 13. dxe5 e6 1/2-1/2

[Event "FIDE CB Open 2022"]
[Site "Ceske Budejovice"]
[Date "2022.07.09"]
[Round "9.21"]
[White "Koch-Muller, Oscar"]
[Black "Simunek, Jakub Simon"]
[Result "1-0"]
[WhiteElo "2115"]
[BlackElo "1887"]
[Annotator "NA RC"]
[PlyCount "65"]
[EventDate "2022.07.01"]
[EventType "swiss"]
[EventCountry "CZE"]
[SourceTitle "playchess.com"]
[Source "ChessBase"]
[SourceQuality "1"]

1. d4 d5 2. c4 e6 3. Nc3 Nf6 4. cxd5 exd5 5. Nf3 c6 6. Qc2 Be6 7. Bf4 Nbd7 8. h3 Bb4 9. e3 Ne4 10. Bd3 Ndf6 11. O-O Bxc3 12. bxc3 O-O 13. Rab1 Qc8 14. Ng5 Nxg5 15. Bxg5 Ne4 16. Bf4 f5 17. f3 Nf6 18. g4 g6 19. gxf5 Bxf5 20. Bxf5 gxf5 21. Kh2 Kf7 22. Rg1 b5 23. Rg5 Rg8 24. Rxf5 Qe6 25. Be5 Rg6 26. Rxf6+ Rxf6 27. Qxh7+ Ke8 28. Bxf6 Qxf6 29. Qg8+ Qf8 30. Rg1 Ke7 31. Rg7+ Kd6 32. Qh7 Qxf3 33. Rg6+ 1-0

[Event "FIDE CB Open 2022"]
[Site "Ceske Budejovice"]
[Date "2022.07.09"]
[Round "9.22"]
[White "Vltavsky, Vladimir"]
[Black "Holub, Adam"]
[Result "0-1"]
[WhiteElo "2106"]
[BlackElo "1817"]
[Annotator "NA RC"]
[PlyCount "56"]
[EventDate "2022.07.01"]
[EventType "swiss"]
[EventCountry "CZE"]
[SourceTitle "playchess.com"]
[Source "ChessBase"]
[SourceQuality "1"]

1. f4 d5 2. b3 Nf6 3. Bb2 e6 4. Nf3 c5 5. e3 Be7 6. d3 Nc6 7. Nbd2 Ng4 8. Ke2 d4 9. e4 Ne3 10. Qc1 e5 11. fxe5 g5 12. Nc4 Nxc4 13. bxc4 g4 14. Ng1 Bg5 15. Qd1 Nxe5 16. Bc1 f5 17. exf5 Bxf5 18. Bxg5 Qxg5 19. Qd2 Qf6 20. Re1 O-O 21. Kd1 b5 22. cxb5 c4 23. dxc4 d3 24. Bxd3 Nxd3 25. cxd3 Bxd3 26. Nf3 gxf3 27. gxf3 Rad8 28. Rhg1+ Bg6 0-1

[Event "FIDE CB Open 2022"]
[Site "Ceske Budejovice"]
[Date "2022.07.09"]
[Round "9.23"]
[White "Shirinyan, Daniel"]
[Black "Simecek, Bohumil"]
[Result "1-0"]
[WhiteElo "1876"]
[BlackElo "2059"]
[Annotator "NA"]
[PlyCount "103"]
[EventDate "2022.07.01"]
[EventType "swiss"]
[EventCountry "CZE"]
[SourceTitle "playchess.com"]
[Source "ChessBase"]
[SourceQuality "1"]

1. Nf3 d5 2. g3 Nf6 3. Bg2 c6 4. d3 Bf5 5. Nbd2 h6 6. O-O e6 7. b3 Be7 8. Bb2 O-O 9. Re1 Nbd7 10. e4 Bh7 11. Qe2 Nc5 12. Ne5 Nfd7 13. Nxd7 Qxd7 14. h4 Rfe8 15. Qg4 Bf8 16. e5 Qc7 17. Bf1 Nd7 18. Rac1 Qa5 19. Qf4 Qxa2 20. Bc3 Qa3 21. Ra1 Qe7 22. Kg2 Qd8 23. Be2 c5 24. Nf3 Qc7 25. g4 d4 26. Bd2 f6 27. g5 Nxe5 28. gxf6 Bd6 29. Nxe5 gxf6 30. Qg4+ Kh8 31. Kh1 Bxe5 32. Bxh6 Qf7 33. Rg1 Rg8 34. Qf3 Rxg1+ 35. Rxg1 Rg8 36. Rxg8+ Kxg8 37. h5 Bf5 38. Bf4 Qc7 39. Bh6 Qh7 40. Qg2+ Kh8 41. Bf8 b6 42. h6 Qd7 43. Kg1 Qf7 44. Bg7+ Kh7 45. Qa8 Bc7 46. Qh8+ Kg6 47. Bf3 Bd6 48. Bc6 Kg5 49. Be8 Qc7 50. Bxf6+ Kf4 51. Qg8 Bg4 52. h7 1-0

[Event "FIDE CB Open 2022"]
[Site "Ceske Budejovice"]
[Date "2022.07.09"]
[Round "9.24"]
[White "Toman, Jan"]
[Black "Kovalskyi, Roman"]
[Result "1/2-1/2"]
[WhiteElo "2142"]
[BlackElo "2056"]
[Annotator "RC"]
[PlyCount "177"]
[EventDate "2022.07.01"]
[EventType "swiss"]
[EventCountry "CZE"]
[SourceTitle "playchess.com"]
[Source "ChessBase"]
[SourceQuality "1"]

1. d4 d5 2. c4 e6 3. Nc3 c5 4. dxc5 d4 5. Ne4 f5 6. Nd6+ Bxd6 7. cxd6 Qxd6 8. e3 Nc6 9. Nf3 e5 10. exd4 e4 11. Ne5 Nxe5 12. dxe5 Qxe5 13. Bd2 Nf6 14. Bc3 Qe7 15. Qb3 Be6 16. O-O-O Rc8 17. Kb1 a6 18. Qa4+ Kf7 19. Bb4 Qc7 20. Bd6 Qc6 21. Qxc6 Rxc6 22. Be5 Ng4 23. Bd4 Rd8 24. Be2 Bxc4 25. Bxg4 Bd3+ 26. Ka1 Rxd4 27. Bxf5 Rd5 28. Rxd3 exd3 29. Be4 Ke6 30. Rd1 Rc2 31. Bxd5+ Kxd5 32. Rxd3+ Kc4 33. Rd1 Rxf2 34. b3+ Kb4 35. Rd4+ Kc5 36. Rg4 g6 37. h4 Kd6 38. h5 gxh5 39. Rg5 h4 40. Rg4 Rf1+ 41. Kb2 Rg1 42. Rxh4 Rxg2+ 43. Kc3 Rg7 44. Kd4 Ke6 45. Ke4 Kf6 46. Kf4 Kg6 47. Rg4+ Kf6 48. Rh4 Rf7 49. Kg3 Ke5 50. Kg2 Kd5 51. Kg3 Kc5 52. Kg2 Kb5 53. Kg3 Ka5 54. Ra4+ Kb5 55. Rh4 b6 56. Kg2 Rc7 57. Kf3 Rc2 58. Rh5+ Kb4 59. Rh6 Ka5 60. b4+ Kxb4 61. Rxb6+ Ka5 62. Rh6 Rxa2 63. Ke3 Rc2 64. Rxh7 Rc8 65. Rb7 Ka4 66. Kd3 a5 67. Rb2 Ka3 68. Rc2 Rd8+ 69. Kc3 Rb8 70. Rc1 Rb3+ 71. Kc4 Rb4+ 72. Kc3 Rb3+ 73. Kc4 Rb4+ 74. Kc3 Ka2 75. Rc2+ Kb1 76. Re2 Rb5 77. Kc4 Rb4+ 78. Kc3 Rb5 79. Kc4 Rb4+ 80. Kc3 Rb8 81. Re5 Ra8 82. Kb3 a4+ 83. Ka3 Kc2 84. Re4 Rb8 85. Rxa4 Kc3 86. Ka2 Rb2+ 87. Ka1 Rh2 88. Ra3+ Kb4 89. Rg3 1/2-1/2

[Event "FIDE CB Open 2022"]
[Site "Ceske Budejovice"]
[Date "2022.07.09"]
[Round "9.25"]
[White "Zednicek, Filip"]
[Black "Mrazik, Tomas"]
[Result "1-0"]
[WhiteElo "1688"]
[BlackElo "2055"]
[Annotator "NA RC"]
[PlyCount "77"]
[EventDate "2022.07.01"]
[EventType "swiss"]
[EventCountry "CZE"]
[SourceTitle "playchess.com"]
[Source "ChessBase"]
[SourceQuality "1"]

1. e4 c6 2. d4 d5 3. exd5 cxd5 4. c4 Nf6 5. Nc3 g6 6. Nf3 Bg7 7. Be2 O-O 8. O-O Nc6 9. h3 a6 10. c5 b6 11. Na4 bxc5 12. Nxc5 Ne4 13. Nb3 Qb6 14. Be3 a5 15. Rc1 e6 16. Nc5 Nxc5 17. Rxc5 Bd7 18. Qd2 Rfb8 19. Bb5 Bf8 20. Bxc6 Bxc6 21. Rc2 Bb4 22. Qc1 Ba4 23. b3 Bb5 24. Rd1 a4 25. Bf4 Re8 26. Be5 axb3 27. axb3 Bf8 28. Qg5 Bg7 29. Bxg7 Kxg7 30. Rdc1 Ra7 31. Qe5+ f6 32. Qf4 Ree7 33. h4 Be8 34. Nh2 e5 35. dxe5 fxe5 36. Qg5 Qxb3 37. Ng4 Qb6 38. Rc6 Qxc6 39. Rxc6 1-0

[Event "FIDE CB Open 2022"]
[Site "Ceske Budejovice"]
[Date "2022.07.09"]
[Round "9.26"]
[White "Sudrich, Radek"]
[Black "Hradek, Matyas"]
[Result "1/2-1/2"]
[WhiteElo "2049"]
[BlackElo "1888"]
[Annotator "NA"]
[PlyCount "50"]
[EventDate "2022.07.01"]
[EventType "swiss"]
[EventCountry "CZE"]
[SourceTitle "playchess.com"]
[Source "ChessBase"]
[SourceQuality "1"]

1. d4 d5 2. c4 c6 3. cxd5 cxd5 4. Nc3 Nc6 5. Nf3 Nf6 6. Bf4 e6 7. e3 Bd6 8. Bxd6 Qxd6 9. Bd3 O-O 10. O-O b6 11. Rc1 Bb7 12. a3 Rfc8 13. Qe2 Rd8 14. Rc2 Rac8 15. Rfc1 Qe7 16. Bb5 Na5 17. Ne5 Nb3 18. Rf1 Ne4 19. Nxe4 dxe4 20. Ba4 Na5 21. b4 Rxc2 22. Qxc2 Rc8 23. Qb1 Nc4 24. Nxc4 Rxc4 25. Rc1 Qc7 1/2-1/2

[Event "FIDE CB Open 2022"]
[Site "Ceske Budejovice"]
[Date "2022.07.09"]
[Round "9.27"]
[White "Hurtik, Matej"]
[Black "Zezula, Jakub"]
[Result "1-0"]
[WhiteElo "2018"]
[BlackElo "1831"]
[Annotator "NA"]
[PlyCount "89"]
[EventDate "2022.07.01"]
[EventType "swiss"]
[EventCountry "CZE"]
[SourceTitle "playchess.com"]
[Source "ChessBase"]
[SourceQuality "1"]

1. e4 e5 2. Nf3 Nc6 3. Bc4 Bc5 4. b4 Bxb4 5. c3 Be7 6. d4 Na5 7. Be2 d6 8. O-O Nc6 9. dxe5 dxe5 10. Qb3 Nf6 11. Rd1 Bd6 12. Bg5 O-O 13. c4 Qe7 14. Nc3 Qe6 15. Qc2 b6 16. Nd5 Nd7 17. Nh4 h6 18. Be3 Nb4 19. Qd2 Nxd5 20. cxd5 Qf6 21. Nf5 Kh7 22. g4 Nc5 23. Ng3 g5 24. Kg2 Qg6 25. f3 Bd7 26. Rh1 f6 27. h4 Kg8 28. hxg5 fxg5 29. Rh5 Rf4 30. Rah1 Bf8 31. Bc4 Rf7 32. Bxg5 Nxe4 33. Nxe4 Bxg4 34. R5h3 Bxh3+ 35. Rxh3 hxg5 36. d6 Bxd6 37. Rg3 Kf8 38. Nxg5 Rf6 39. Ne4 Ke7 40. Rxg6 Rxg6+ 41. Kf2 Rh8 42. Qd5 Rh2+ 43. Ke3 Rgg2 44. Qe6+ Kd8 45. Bb5 1-0

[Event "FIDE CB Open 2022"]
[Site "Ceske Budejovice"]
[Date "2022.07.09"]
[Round "9.28"]
[White "Rosol, Alexander"]
[Black "Rucabado, Stefan"]
[Result "1-0"]
[WhiteElo "2001"]
[BlackElo "1809"]
[Annotator "NA"]
[PlyCount "101"]
[EventDate "2022.07.01"]
[EventType "swiss"]
[EventCountry "CZE"]
[SourceTitle "playchess.com"]
[Source "ChessBase"]
[SourceQuality "1"]

1. e4 c5 2. Nf3 d6 3. d4 cxd4 4. Nxd4 Nf6 5. Nc3 g6 6. Be3 Bg7 7. f3 O-O 8. Qd2 Nc6 9. O-O-O d5 10. Nxc6 bxc6 11. Bh6 Qc7 12. Bxg7 Kxg7 13. exd5 cxd5 14. Nxd5 Nxd5 15. Qxd5 Be6 16. Qd4+ f6 17. Qa4 Rab8 18. Bd3 a5 19. Be4 Rfc8 20. Rd2 Rb4 21. Qa3 Rcb8 22. c3 R4b5 23. g3 Bf7 24. Rhd1 Be8 25. Rd7 Qc5 26. Rxe7+ Kh6 27. Qxc5 Rxc5 28. Bc2 Bc6 29. Rc7 Rb6 30. Rdd7 Bxd7 31. Rxc5 Ra6 32. a4 Bc6 33. f4 Bf3 34. Bd3 Ra7 35. Kd2 Bg4 36. Rd5 Kg7 37. Bb5 Kf7 38. Rd6 Bc8 39. Rd8 Be6 40. c4 Ke7 41. Re8+ Kf7 42. Kc3 Bg4 43. b4 axb4+ 44. Kxb4 Rb7 45. Re1 Be6 46. a5 Ke7 47. a6 Ra7 48. Ka5 Kd6 49. Kb6 Rf7 50. a7 Rf8 51. c5+ 1-0

[Event "FIDE CB Open 2022"]
[Site "Ceske Budejovice"]
[Date "2022.07.09"]
[Round "9.29"]
[White "Simacek, Vaclav"]
[Black "Hosnedl, Matyas"]
[Result "1-0"]
[WhiteElo "1856"]
[BlackElo "1967"]
[Annotator "NA"]
[PlyCount "77"]
[EventDate "2022.07.01"]
[EventType "swiss"]
[EventCountry "CZE"]
[SourceTitle "playchess.com"]
[Source "ChessBase"]
[SourceQuality "1"]

1. e4 e6 2. d4 d5 3. Nc3 Nf6 4. Bg5 Bb4 5. e5 h6 6. exf6 hxg5 7. fxg7 Rg8 8. Qh5 Qf6 9. O-O-O Bxc3 10. bxc3 c5 11. Nf3 Qxg7 12. Ne5 Nc6 13. Bb5 Bd7 14. Bxc6 bxc6 15. Qe2 cxd4 16. cxd4 Ke7 17. Qa6 Rac8 18. Qxa7 Rgd8 19. Qc5+ Ke8 20. Rd3 f6 21. Ng4 Rb8 22. Rb3 Rxb3 23. axb3 Ra8 24. Kd2 e5 25. h3 e4 26. Re1 f5 27. Ne5 Qf6 28. Qb6 Qd6 29. Qb7 Rd8 30. Ra1 g4 31. Ra8 gxh3 32. Rxd8+ Kxd8 33. Nf7+ Ke7 34. Nxd6 hxg2 35. Nxf5+ Ke6 36. Qc7 g1=Q 37. Qe5+ Kf7 38. Qe7+ Kg8 39. Qd8+ 1-0

[Event "FIDE CB Open 2022"]
[Site "Ceske Budejovice"]
[Date "2022.07.09"]
[Round "9.30"]
[White "Kotleska, Roman"]
[Black "Hladky, Tadeas"]
[Result "1/2-1/2"]
[WhiteElo "1863"]
[BlackElo "2095"]
[Annotator "NA RC"]
[PlyCount "154"]
[EventDate "2022.07.01"]
[EventType "swiss"]
[EventCountry "CZE"]
[SourceTitle "playchess.com"]
[Source "ChessBase"]
[SourceQuality "1"]

1. c4 Nf6 2. Nc3 c6 3. e4 d5 4. exd5 cxd5 5. d4 Nc6 6. Nf3 Bg4 7. cxd5 Nxd5 8. Qb3 e6 9. Qxb7 Ndb4 10. Bb5 Bxf3 11. gxf3 Rc8 12. O-O Bd6 13. Ne4 O-O 14. Bxc6 Rxc6 15. Qb5 Qc7 16. Nxd6 Qxd6 17. Bd2 Nc2 18. Rad1 Nxd4 19. Qd3 Qd5 20. Kg2 e5 21. Qe4 Qxa2 22. Bc3 Qb3 23. Qxe5 Rg6+ 24. Kh1 Nxf3 25. Qe4 Ng5 26. Qd5 Qxd5+ 27. Rxd5 Re8 28. f4 Ne4 29. Bd4 a6 30. Rg1 Rxg1+ 31. Kxg1 h6 32. Kg2 Re6 33. f5 Rc6 34. Kf3 Nd6 35. Bc3 Nb5 36. Be5 Kh7 37. Rd7 f6 38. Bf4 Rc2 39. b4 Rc4 40. Bd2 Nd4+ 41. Ke4 Nb3+ 42. Kf3 Nxd2+ 43. Rxd2 Rxb4 44. Rd6 Ra4 45. Rd7 h5 46. Kg3 Kh6 47. h4 Ra3+ 48. Kg2 Ra5 49. Rd6 Rxf5 50. Rxa6 Rf4 51. Kg3 Rg4+ 52. Kh3 Rc4 53. Rb6 Rf4 54. Kg3 g5 55. hxg5+ Kxg5 56. Rb5+ Rf5 57. Rb4 Rc5 58. Rb3 f5 59. Rf3 Rc4 60. Kh3 Re4 61. Rb3 h4 62. Ra3 Re5 63. Kg2 Kg4 64. Ra8 Re2+ 65. Kf1 Rb2 66. Rg8+ Kf3 67. Kg1 f4 68. Rh8 Rb1+ 69. Kh2 Kf2 70. Rxh4 f3 71. Ra4 Ke1 72. Re4+ Kf1 73. Re7 f2 74. Ra7 Rb3 75. Ra2 Rd3 76. Ra1+ Ke2 77. Kg2 Rd2 1/2-1/2

[Event "FIDE CB Open 2022"]
[Site "Ceske Budejovice"]
[Date "2022.07.09"]
[Round "9.31"]
[White "Laith, Kasib"]
[Black "Kosut, Tomas"]
[Result "1-0"]
[WhiteElo "2079"]
[BlackElo "1820"]
[Annotator "NA RC"]
[PlyCount "63"]
[EventDate "2022.07.01"]
[EventType "swiss"]
[EventCountry "CZE"]
[SourceTitle "playchess.com"]
[Source "ChessBase"]
[SourceQuality "1"]

1. e4 c5 2. Nf3 a6 3. d3 d6 4. g3 g6 5. Bg2 Bg7 6. O-O Nf6 7. c3 O-O 8. Re1 e5 9. a3 Nc6 10. b4 b6 11. h3 Qc7 12. Be3 Re8 13. Nbd2 Bb7 14. Qb3 Nd7 15. Rac1 b5 16. a4 Na7 17. axb5 Nxb5 18. d4 h6 19. Nh4 g5 20. Nf5 Rac8 21. h4 c4 22. Qc2 f6 23. Bf1 d5 24. hxg5 hxg5 25. Bg2 Nb6 26. dxe5 Rxe5 27. Bxb6 Qxb6 28. exd5 Na3 29. Nh6+ Kf8 30. Qh7 Rxe1+ 31. Rxe1 Bxh6 32. Re7 1-0

[Event "FIDE CB Open 2022"]
[Site "Ceske Budejovice"]
[Date "2022.07.09"]
[Round "9.32"]
[White "Vrchotka, Josef"]
[Black "Steinbauer, Sebastian"]
[Result "1-0"]
[WhiteElo "1959"]
[BlackElo "1808"]
[Annotator "NA"]
[PlyCount "69"]
[EventDate "2022.07.01"]
[EventType "swiss"]
[EventCountry "CZE"]
[SourceTitle "playchess.com"]
[Source "ChessBase"]
[SourceQuality "1"]

1. e4 e5 2. Nc3 Bc5 3. Nf3 Nc6 4. Nxe5 Bxf2+ 5. Kxf2 Nxe5 6. d4 Qf6+ 7. Kg1 Ng4 8. Qd2 Ne7 9. h3 Nh6 10. Bc4 O-O 11. Kh2 Qd6+ 12. e5 Qg6 13. Bd3 Qb6 14. Rf1 Kh8 15. Qf2 f5 16. Bg5 Neg8 17. Nd5 Qc6 18. Nf4 Nf7 19. Qh4 Nxg5 20. Qxg5 d5 21. Rae1 g6 22. b3 b5 23. h4 a6 24. h5 gxh5 25. Re3 Nh6 26. Rh3 Ng4+ 27. Kh1 Rg8 28. Qxh5 Rg7 29. Bxf5 Bxf5 30. Qxf5 Rag8 31. Ne6 Rg6 32. Nf8 Rxf8 33. Qxf8+ Rg8 34. Qf5 h6 35. Rf4 1-0

[Event "FIDE CB Open 2022"]
[Site "Ceske Budejovice"]
[Date "2022.07.09"]
[Round "9.33"]
[White "Musil, Vitezslav"]
[Black "Tsifanskaya, Ludmila A"]
[Result "1/2-1/2"]
[WhiteElo "1834"]
[BlackElo "1941"]
[Annotator "NA"]
[PlyCount "37"]
[EventDate "2022.07.01"]
[EventType "swiss"]
[EventCountry "CZE"]
[SourceTitle "playchess.com"]
[Source "ChessBase"]
[SourceQuality "1"]

1. e4 c5 2. Nf3 Nc6 3. d4 cxd4 4. Nxd4 Qb6 5. Nxc6 bxc6 6. Bd3 d6 7. O-O Nf6 8. h3 e5 9. Na3 Be7 10. Nc4 Qc7 11. Ne3 g6 12. c4 Nh5 13. Ng4 Nf4 14. Bxf4 exf4 15. Qf3 h5 16. Nh2 g5 17. Rfe1 Bf6 18. c5 Be5 19. cxd6 1/2-1/2

[Event "FIDE CB Open 2022"]
[Site "Ceske Budejovice"]
[Date "2022.07.09"]
[Round "9.34"]
[White "Hlavac, Rudolf"]
[Black "Hrbek, Jachym"]
[Result "0-1"]
[WhiteElo "1931"]
[BlackElo "1695"]
[Annotator "NA RC"]
[PlyCount "108"]
[EventDate "2022.07.01"]
[EventType "swiss"]
[EventCountry "CZE"]
[SourceTitle "playchess.com"]
[Source "ChessBase"]
[SourceQuality "1"]

1. e4 e5 2. Nf3 Nf6 3. Nxe5 d6 4. Nf3 Nxe4 5. d4 d5 6. Bd3 Nd6 7. O-O Be7 8. Ne5 O-O 9. Nc3 c6 10. Bf4 Nd7 11. Re1 f5 12. f3 Nf6 13. Na4 Nh5 14. Be3 Bg5 15. Qd2 Bxe3+ 16. Qxe3 f4 17. Qf2 Qg5 18. b3 Bf5 19. Nc5 Rfe8 20. Bxf5 Qxf5 21. g4 fxg3 22. hxg3 Nf6 23. Kg2 Rf8 24. Re2 Rae8 25. Rae1 g5 26. Qe3 g4 27. Ncd3 gxf3+ 28. Qxf3 Qxf3+ 29. Nxf3 Rxe2+ 30. Rxe2 Nfe4 31. Nf2 Kg7 32. Nxe4 Nxe4 33. c4 h6 34. a3 Rf6 35. Re3 Rf5 36. b4 Rf6 37. c5 Re6 38. Ne5 Rf6 39. Nf3 Re6 40. a4 Nxc5 41. Ra3 Ne4 42. b5 c5 43. dxc5 Nxc5 44. Rc3 b6 45. a5 Re4 46. axb6 axb6 47. Rc2 d4 48. Rd2 d3 49. Rd1 Kf6 50. Rh1 Re2+ 51. Kf1 Kg7 52. Rh4 Ne4 53. Rg4+ Kf6 54. Ne1 Nd2+ 0-1

[Event "FIDE CB Open 2022"]
[Site "Ceske Budejovice"]
[Date "2022.07.09"]
[Round "9.35"]
[White "Pavlis, Matej"]
[Black "Svanda, Adam"]
[Result "1-0"]
[WhiteElo "1625"]
[BlackElo "1918"]
[Annotator "NA RC"]
[PlyCount "49"]
[EventDate "2022.07.01"]
[EventType "swiss"]
[EventCountry "CZE"]
[SourceTitle "playchess.com"]
[Source "ChessBase"]
[SourceQuality "1"]

1. d4 Nf6 2. Bf4 e6 3. Nf3 b6 4. e3 Bb7 5. Nbd2 Be7 6. h3 d6 7. Bd3 c5 8. O-O O-O 9. c3 cxd4 10. cxd4 Nc6 11. Ne4 e5 12. dxe5 Nxe5 13. Nxf6+ Bxf6 14. Nd4 Nxd3 15. Qxd3 Be5 16. Qf5 g6 17. Qg4 Qf6 18. Bg5 Qg7 19. Qd7 Bc8 20. Qa4 h6 21. Be7 a5 22. Bxf8 Qxf8 23. Rac1 Qe7 24. Qb3 Bxh3 25. Qd5 1-0

[Event "FIDE CB Open 2022"]
[Site "Ceske Budejovice"]
[Date "2022.07.09"]
[Round "9.36"]
[White "Slaby, Matej"]
[Black "Stastna, Martina"]
[Result "0-1"]
[WhiteElo "1796"]
[BlackElo "1912"]
[Annotator "NA"]
[PlyCount "112"]
[EventDate "2022.07.01"]
[EventType "swiss"]
[EventCountry "CZE"]
[SourceTitle "playchess.com"]
[Source "ChessBase"]
[SourceQuality "1"]

1. Nf3 d5 2. d4 e6 3. e3 c5 4. c3 Nf6 5. Bd3 Nc6 6. Nbd2 b6 7. O-O cxd4 8. exd4 Bd6 9. Re1 Qc7 10. Qe2 O-O 11. Ne5 Nd7 12. f4 Ne7 13. Ndf3 f5 14. Bd2 Nf6 15. Rad1 Ne4 16. Rf1 Kh8 17. Be1 Ng8 18. Bh4 Ngf6 19. a4 Bd7 20. Ra1 Be8 21. Ba6 Bh5 22. Qe1 Be7 23. Ng5 Qd6 24. Nxe4 Nxe4 25. Bxe7 Qxe7 26. a5 bxa5 27. Rxa5 Qc7 28. Ra2 Rg8 29. Qh4 Be8 30. Rf3 g5 31. fxg5 Rxg5 32. Qf4 Qg7 33. Bf1 Bb5 34. b3 Bxf1 35. Kxf1 Kg8 36. c4 dxc4 37. bxc4 Rb8 38. g3 Rb1+ 39. Kg2 Qb7 40. Nd3 Rg4 41. Qe5 Ng5 42. d5 Nxf3 43. Qxe6+ Qf7 44. Qxf7+ Kxf7 45. Kxf3 Rb3 46. Rxa7+ Ke8 47. Ra8+ Kd7 48. Ra7+ Kc8 49. Rxh7 Rxc4 50. Ke3 Re4+ 51. Kd2 Rd4 52. Rh5 Rbxd3+ 53. Ke2 Rxd5 54. Rxf5 Rd2+ 55. Ke3 Rxf5 56. Kxd2 Rf2+ 0-1

[Event "FIDE CB Open 2022"]
[Site "Ceske Budejovice"]
[Date "2022.07.09"]
[Round "9.37"]
[White "Saravanan Durga"]
[Black "Travnicek, Jaroslav"]
[Result "1/2-1/2"]
[WhiteElo "1908"]
[BlackElo "1730"]
[Annotator "NA"]
[PlyCount "50"]
[EventDate "2022.07.01"]
[EventType "swiss"]
[EventCountry "CZE"]
[SourceTitle "playchess.com"]
[Source "ChessBase"]
[SourceQuality "1"]

1. d4 Nf6 2. c4 e6 3. Nc3 d5 4. cxd5 exd5 5. Bg5 Be7 6. e3 c6 7. Qc2 Be6 8. Bd3 h6 9. Bh4 Nbd7 10. Nge2 c5 11. dxc5 Nxc5 12. Bb5+ Ncd7 13. Nf4 O-O 14. h3 Rc8 15. Rd1 a6 16. Bxd7 Qxd7 17. Qb3 g5 18. Nxe6 fxe6 19. Bg3 Qc6 20. O-O b5 21. Rc1 Qc4 22. Qxc4 Rxc4 23. b3 Rcc8 24. Ne2 Ba3 25. Rxc8 Rxc8 1/2-1/2

[Event "FIDE CB Open 2022"]
[Site "Ceske Budejovice"]
[Date "2022.07.09"]
[Round "9.38"]
[White "Wojdyla, Alex"]
[Black "Ondrejat, Miroslav"]
[Result "1-0"]
[WhiteElo "1782"]
[BlackElo "1903"]
[Annotator "NA RC"]
[PlyCount "121"]
[EventDate "2022.07.01"]
[EventType "swiss"]
[EventCountry "CZE"]
[SourceTitle "playchess.com"]
[Source "ChessBase"]
[SourceQuality "1"]

1. c4 e5 2. g3 f5 3. e4 d6 4. Nc3 Nf6 5. Bg2 Nc6 6. Nge2 Be7 7. d4 fxe4 8. Nxe4 O-O 9. d5 Nxe4 10. Bxe4 Nb8 11. O-O Nd7 12. Nc3 Nf6 13. Bc2 g6 14. Kg2 Bd7 15. h4 Rf7 16. Ne4 Nxe4 17. Bxe4 Bf5 18. Qe2 Qd7 19. Rh1 Raf8 20. Bxf5 Qxf5 21. Rf1 Qf3+ 22. Qxf3 Rxf3 23. Be3 R3f7 24. b4 b6 25. Rac1 Ra8 26. c5 dxc5 27. bxc5 Rd8 28. Rfd1 bxc5 29. Bxc5 Bxc5 30. Rxc5 Rfd7 31. Kf3 c6 32. Ke4 cxd5+ 33. Rcxd5 Rxd5 34. Rxd5 Rb8 35. Ra5 Rb2 36. Ke3 Rb7 37. Rxe5 Rb6 38. a4 Kf7 39. a5 Rb3+ 40. Kf4 h6 41. Rc5 Rb7 42. Rc6 Rb4+ 43. Kf3 Rb7 44. a6 Re7 45. Rc4 Kf6 46. Rf4+ Kg7 47. Rb4 Rf7+ 48. Kg2 Rf5 49. Rb7+ Kf6 50. Rxa7 Ra5 51. Kf3 h5 52. Ra8 Ra4 53. Ke3 Kg7 54. Kd3 Ra2 55. Kc4 Rxf2 56. Rb8 Ra2 57. Rb6 Ra3 58. Kb4 Ra1 59. Kb5 g5 60. Kc6 gxh4 61. gxh4 1-0

[Event "FIDE CB Open 2022"]
[Site "Ceske Budejovice"]
[Date "2022.07.09"]
[Round "9.39"]
[White "Rosol, Philip"]
[Black "Zeleny, Tomas"]
[Result "1-0"]
[WhiteElo "1741"]
[BlackElo "2136"]
[Annotator "ChessBase"]
[PlyCount "123"]
[EventDate "2022.07.01"]
[EventType "swiss"]
[EventCountry "CZE"]
[SourceTitle "playchess.com"]
[Source "ChessBase"]
[SourceQuality "1"]

1. d4 Nf6 2. c4 g6 3. Nc3 Bg7 4. e4 d6 5. Be2 O-O 6. Bg5 Nbd7 7. Qd2 e5 8. d5 Qe8 9. Bh6 Nc5 10. f3 Nh5 11. g4 Nf4 12. Bxf4 exf4 13. Qxf4 Na4 14. Nxa4 Qxa4 15. Qd2 b5 16. cxb5 a6 17. bxa6 Bxa6 18. Bxa6 Rxa6 19. Ne2 Rb8 20. Nc3 Qb4 21. Nd1 Bxb2 22. Qxb4 Rxb4 23. Nxb2 Rxb2 24. a4 Kg7 25. O-O Kf6 26. Rf2 Rb4 27. Rc2 Ra7 28. Rac1 Rb3 29. Rc3 Rb2 30. Rxc7 Rxa4 31. R1c2 Rb1+ 32. Rc1 Rb2 33. R7c2 Rb3 34. Kg2 Raa3 35. Rf2 Ra7 36. Rc8 g5 37. Rh8 Kg7 38. Rd8 Rb6 39. Rc8 Rb3 40. Rc6 Rd7 41. Rfc2 Kf6 42. Rc7 Rxc7 43. Rxc7 Rb2+ 44. Kg3 Ra2 45. Rd7 Ra6 46. h4 h6 47. h5 Rb6 48. Rc7 Rb2 49. Rd7 Rb6 50. Rd8 Ra6 51. Rh8 Kg7 52. Rc8 Ra7 53. Rc6 Rd7 54. f4 f6 55. fxg5 fxg5 56. Kf3 Kf6 57. Ke3 Ke5 58. Rc8 Kf6 59. Re8 Re7 60. Rd8 Ke5 61. Rf8 Rf7 62. Re8+ 1-0

[Event "FIDE CB Open 2022"]
[Site "Ceske Budejovice"]
[Date "2022.07.09"]
[Round "9.40"]
[White "Schmied, Eva-Maria"]
[Black "Vilimek, Vit"]
[Result "0-1"]
[WhiteElo "1718"]
[BlackElo "1996"]
[Annotator "NA"]
[PlyCount "90"]
[EventDate "2022.07.01"]
[EventType "swiss"]
[EventCountry "CZE"]
[SourceTitle "playchess.com"]
[Source "ChessBase"]
[SourceQuality "1"]

1. e4 c5 2. Nf3 Nc6 3. d4 cxd4 4. Nxd4 Nf6 5. Nc3 e5 6. Ndb5 d6 7. Bg5 a6 8. Na3 b5 9. Nd5 Be7 10. Bxf6 Bxf6 11. c4 Bg5 12. cxb5 Nd4 13. b6 O-O 14. Nc2 Bg4 15. Qd3 Rc8 16. Nxd4 exd4 17. Qxd4 Rc2 18. Bxa6 Bd2+ 19. Kf1 Be6 20. Bd3 Rc5 21. h3 Bxd5 22. exd5 Qxb6 23. Bxh7+ Kxh7 24. Qxd2 Rfc8 25. g3 Rc2 26. Qf4 Qb5+ 27. Kg2 Qxd5+ 28. Kh2 R8c4 29. Qe3 Qf5 30. Kg2 Rxb2 31. a4 Rc3 32. Qf4 Qd5+ 33. Kg1 g6 34. Qh4+ Kg7 35. g4 Rcb3 36. Rf1 Rb1 37. Kh2 Qe5+ 38. Kg2 Qe4+ 39. Kh2 Qf4+ 40. Kg2 Qe4+ 41. Kh2 Qe5+ 42. Kg2 g5 43. Qh5 Qe4+ 44. Kh2 Qf4+ 45. Kg2 Rg3+ 0-1

[Event "FIDE CB Open 2022"]
[Site "Ceske Budejovice"]
[Date "2022.07.09"]
[Round "9.41"]
[White "Koc, Azra Ece"]
[Black "Nejdl, Eduard"]
[Result "1/2-1/2"]
[WhiteElo "1867"]
[BlackElo "1951"]
[Annotator "NA RC"]
[PlyCount "40"]
[EventDate "2022.07.01"]
[EventType "swiss"]
[EventCountry "CZE"]
[SourceTitle "playchess.com"]
[Source "ChessBase"]
[SourceQuality "1"]

1. e4 e5 2. Nf3 Nc6 3. Nc3 Nf6 4. Bb5 Bd6 5. a3 Qe7 6. Bc4 Nd4 7. b4 c6 8. d3 b5 9. Bb3 Nxb3 10. cxb3 a5 11. bxa5 Rxa5 12. a4 bxa4 13. Rxa4 Rxa4 14. bxa4 O-O 15. O-O Ba6 16. Re1 Bb4 17. Qc2 Qc5 18. Bb2 d6 19. Rd1 d5 20. Rc1 Re8 1/2-1/2